| 000 | 01150nam a22003257a 4500 | ||
|---|---|---|---|
| 999 |
_c21958 _d21958 |
||
| 003 | AR-CdUCM | ||
| 008 | 190425b ||||| |||| 00| 0 spa d | ||
| 020 | _a9786124670299 | ||
| 040 |
_aMUNICIPALIDAD PROVINCIAL DEL CUSCO _cBIBLIOTECA MUNICIPAL DEL CUSCO |
||
| 082 |
_a701.18/G25G _bG25G |
||
| 245 |
_aGuillermo Montesinos Pastor fotografía 1916 - 1924 / _c[editores], Andrés Garay Albújar, Jorge Villacorta Chávez |
||
| 260 |
_aLima : _bKWY, _c2020. |
||
| 300 |
_a191 Páginas. : _bfotografías en negro y blanco, _c24 cm. |
||
| 500 | _zIncluye bibliografías | ||
| 650 |
_aFotografía _94511 |
||
| 650 |
_aFotógrafos _945598 |
||
| 650 |
_aHistoria fotográfica _934133 |
||
| 650 |
_aFotografía antigua _916777 |
||
| 650 |
_aArequipa _91703 |
||
| 650 |
_aPerú _945599 |
||
| 650 |
_aSiglos XIX-XX _912179 |
||
| 700 |
_aGaray Albújar, Andrés _934131 |
||
| 700 |
_aVillacorta Chávez, Jorge _944540 |
||
| 700 |
_aIsasi Gutiérrez, Blas _946990 |
||
| 700 |
_aMontesinos Belón, Alfonso _946991 |
||
| 700 |
_aMontesinos Belón, Guillermo _946992 |
||
| 700 |
_aSalgado Aguayo, Cecilia _946993 |
||
| 942 |
_2ddc _cLIBROS |
||
| 945 | _aRoel | ||